Quizzes
Events
Quiz Creation
Community
Videos
Private Events
Remove Ads
Sign In
Join for FREE
Feedback
Dark Mode
Quiz Categories
Sports
Geography
Music
Movies
Television
Just For Fun
Miscellaneous
History
Literature
Language
Science
Gaming
Entertainment
Religion
Holiday
For Kids
Quiz Lab
Recent
Popular Today
Quiz Kudos Today
Editor Picks
Curator Picks
Quizzes by...
Day
Popularity
Type
Ratings
Length
Year
Community
Subscriptions
Recent Discussions
Orange Saloon
Badges
Playlists
Quests
Create
Leaderboards
Showdown
Live 5
Trivia Bingo
Activity
Puzzle Library
Sporcle Events
Private Events
Virtual Trivia
Globe League
Become a Host
Pub Owners
SporcleCon
Opinionation
Our Games
Videos
Blog
Mobile Apps
Partnerships
Remove Ads and Go Orange
Feedback
Gaming
Video Games
Board Games
Card Games
Pokémon
Mario
Nintendo
Minecraft
Console
Toys
Legend of Zelda
Gaming
Video Games
Board Games
Card Games
Pokémon
Mario
Nintendo
Minecraft
Console
Toys
Legend of Zelda
Random Quiz
Search Sporcle
×
Quiz Lab
Quiz Lab
Gaming
WWE
Type in answers that appear in a list
Type in answers that appear in a list
Classic
Best Score? Go Orange.
WCW/nWo Revenge Roster Stats
Can you name the WCW/nWo Revenge wrestlers?
By
JeffSilvers
13m
62 Questions
4,354 Plays
4,354 Plays
4,354 Plays
Comments
Comments
Give Quiz Kudos
Give Quiz Kudos
-
- Ratings
hide this ad
More Info
Replay
Link that replays current quiz
Next Quiz
Link to next quiz in quiz playlist
You Got
0%
They Got
Avg Score
53%
Avg Friend Score
Upgrade to see
Score Distribution
Jump to the score distribution portion of the page
Score
0/62
Timer
13:00
0
Plays Today
Faction
Wrestler
% Correct
nWo White
Hollywood Hogan
95.5%
nWo Red
Kevin Nash
91.7%
nWo Red
Sting
89.4%
nWo White
Scott Hall
88.5%
Raven's Flock
Raven
86.4%
nWo Red
Randy Savage
79.3%
nWo Red
Lex Luger
78.6%
nWo White
The Giant
77.2%
WCW 4
Eddie Guerrero
75.7%
WCW 1
Goldberg
75.2%
WCW 1
Chris Benoit
74.7%
nWo White
Scott Steiner
74.6%
Raven's Flock
Kidman
73.5%
WCW 4
Rey Mysterio, Jr.
73.2%
WCW 1
Booker T
73.2%
WCW 4
Chavo Guerrero, Jr.
73.2%
nWo Red
Konnan
73.1%
WCW 1
Rick Steiner
72.8%
WCW 1
Diamond Dallas Page
72.7%
WCW 4
Chris Jericho
70.2%
WCW 4
Dean Malenko
69.8%
WCW 2
Saturn
69.7%
WCW 1
Bret Hart
68.9%
nWo White
Buff Bagwell
68.6%
WCW 3
Stevie Ray
68.5%
nWo White
Scott Norton
63.3%
nWo White
Eric Bischoff
63%
WCW 4
Juventud Guerrera
59.2%
nWo White
Curt Hennig
58.1%
Raven's Flock
Sick Boy
55.8%
Raven's Flock
Lodi
55.4%
Faction
Wrestler
% Correct
WCW 2
Kanyon/Mortis
54.7%
WCW 1
Roddy Piper
54.4%
WCW 4
Psychosis
52.6%
Raven's Flock
Scotty Riggs
50.4%
WCW 3
La Parka
50.3%
nWo White
Brian Adams
49.5%
WCW 4
Alex Wright
49.4%
Raven's Flock
Reese
49%
WCW 2
Disco Inferno
49%
WCW 2
Glacier
44.8%
WCW 2
Jim Neidhart
42.3%
WCW 2
Meng
42%
WCW 2
The British Bulldog
41.5%
WCW 4
Ultimo Dragon
39.4%
WCW 1
Fit Finlay
38.8%
WCW 3
The Barbarian
37.5%
EWF
AKI man/THQ man
32.5%
WCW 2
Van Hammer
30.5%
DAW
Kim Chee
22.6%
EWF
Dr. Frank
22.2%
WCW 3
Yuji Nagata
21.7%
WCW 3
Larry Zbyszko
21.3%
EWF
Maya Inca Boy
17.7%
DAW
Ming Chee
17.7%
DAW
Dake Ken
17.3%
EWF
The Executioner
17.1%
DAW
Brickowski
15.4%
DAW
Hawk Hana
14.9%
DAW
Han Zo Mon
14.9%
EWF
Shogun
14%
EWF
Jekel
12.5%
Quiz Playlist
Details
Report
Send in Message
Add To Playlist
More Info:
Wrath, who was removed from the final game but is playable with a GameShark code, is excluded from this list.
Classic:
Type in answers that appear in a list
Last Updated: Feb 16, 2017
Quiz Scoreboard
CHALLENGE
Sign Up to Join the Scoreboard
Show All
Scores
Hide
Comments
May contain spoilers
Recently Published
Movies - When Are They Set?
by FPL_Elf
Movies
5m
Popular People in 1961
by mucciniale
History
6m
1-10 Letter E Words III
by El_Dandy
Language
2m
More to Explore
Quiz From the Vault
Featured Blog Post
Where Did the Easter Bunny Come From?
hide this ad
You Might Also Like...
Tags
WWE Quiz
faction
NWO
Revenge
Roster
WCW
Wrestlers
Today's Top Quizzes in Gaming
Browse Gaming
hide this ad
Today's Top Quizzes in WWE
Browse WWE
Top Contributed Quizzes in Gaming
1
Destiny 2 exotic weapons by perk icons
2
Who's on the WWE 2K24 Cover?
3
Windmill: Pokémon
4
Overwatch 2 Heroes by Selection Quote
5
Genshin murder mystery
6
Overwatch 2: Ultimate Ability Icons
7
Franchise by Action Figure
8
Legendary or Exotic?
9
Genshin Impact Logic Puzzle
10
Genshin Impact Logic Puzzle Quiz
Explore More
Trending Topics
Marvel
NBA
Disney
Anime
Kpop
Harry Potter
Crossword
The Office
WWE
Puzzle
Soccer
Country
NFL
Pokémon
Song
hide this ad
More By:
JeffSilvers
Quiz
Plays
Rating
Category
Featured
Created
All WWE championships
4,450
4.00
Television
Jan 23, 2010
WCW/nWo Revenge Roster
4,354
4.70
Gaming
Dec 26, 2009
WWE SmackDown vs. Raw 2010 roster (full)
1,282
2.50
Gaming
Jan 19, 2010
WCW Mayhem roster
1,044
5.00
Gaming
Dec 27, 2009
WCW vs. nWo World Tour wrestlers
934
4.33
Gaming
Dec 24, 2009
Go to Creator's Profile
Score Distribution
Quiz Creator Spotlight
JeffSilvers
Follow
Send a Message
Quizzes Created
-
Created Quiz Play Count
-
More By This Creator
Popular Quizzes Today
1
Find the US States - No Outlines Minefield
2
Find the Countries of Europe - No Outlines Minefield
3
The Countries of the World
4
Popular People in 1961
5
1-10 Letter E Words III
6
US States
7
Find the US States
8
One Thing in Common: World Cities II
More Gaming Quizzes
Board Games by Nail Art
Published
Trending Quizzes
Risky Map Clicking: Least Populous States A-Z
1-10 Letter F Words
Humor Books: The Subtitles
1-10 Letter G Words
One Thing in Common: United Kingdom
Recently Updated
Leaping Animals
pecheneg
Reality TV Shows (A-Z)
bhenderson79
Rickey Henderson's Hall of Fame Teammates
pecheneg
Champions League XIs: Arsenal
pecheneg
Quick Pick: Celebrities in WWE's Hall of Fame
aduchscher
A-Z Keypad Blitz II
pecheneg
Multiple Oscar Actors
pecheneg
Mystery Phrase Blitz: Oscar 'Best Actors'
pecheneg
F. Scott Fitzgerald Novels
LTH
Pick 3 Villains
ddd62291
Trending Topics
Kpop
Harry Potter
Marvel
NBA
Crossword
Anime
Disney
WWE
NFL
Soccer
Song
The Office
Country
Pokémon
Puzzle
Your Account Isn't Verified!
In order to create a playlist on Sporcle, you need to verify the email address you used during registration. Go to your
Sporcle Settings
to finish the process.
Report this User
Report this user for behavior that violates our
Community Guidelines
.
Details:
Send Report
Go to the Sporcle.com Mobile Site →
Comments